Social relations in Islam (Record no. 1028)
[ view plain ]
| 000 -LEADER | |
|---|---|
| fixed length control field | 006160000a22002050004500 |
| 003 - CONTROL NUMBER IDENTIFIER | |
| control field | LK-CoMWRAF |
| 005 - DATE AND TIME OF LATEST TRANSACTION | |
| control field | 20240229143407.0 |
| 008 - FIXED-LENGTH DATA ELEMENTS--GENERAL INFORMATION | |
| fixed length control field | 230817t ||||| |||| 00| 0 eng d |
| 040 ## - CATALOGING SOURCE | |
| Original cataloging agency | LK-CoMWRAF |
| Modifying agency | LK-CoMWRAF |
| Description conventions | LK-CoMWRAF |
| 041 ## - LANGUAGE CODE | |
| Language code of text/sound track or separate title | English |
| 082 ## - DEWEY DECIMAL CLASSIFICATION NUMBER | |
| Item number | TAB |
| 942 ## - ADDED ENTRY ELEMENTS (KOHA) | |
| Koha item type | Books |
| 100 ## - MAIN ENTRY--PERSONAL NAME | |
| Personal name | Tabataba'i, Sayid Muhammad Hossein |
| 700 ## - ADDED ENTRY--PERSONAL NAME | |
| Personal name | Pazargadi, Alsedin |
| Relator Term | translator |
| 700 ## - ADDED ENTRY--PERSONAL NAME | |
| Personal name | All, M. Khursid |
| Relator Term | editor |
| 245 ## - TITLE STATEMENT | |
| Title | Social relations in Islam |
| 260 ## - PUBLICATION, DISTRIBUTION, ETC. (IMPRINT) | |
| Place of publication, distribution, etc. | Tehran: |
| Name of publisher, distributor, etc. | Foreign department of Bonyad Be'that foundation, |
| Date of publication, distribution, etc. | 1985 |
| 300 ## - PHYSICAL DESCRIPTION | |
| Extent | 78 p. |
| 856 ## - ELECTRONIC LOCATION AND ACCESS | |
| Uniform Resource Identifier | <a href="https://www.al-islam.org/printpdf/book/export/html/41753">https://www.al-islam.org/printpdf/book/export/html/41753</a> |
| Withdrawn status | Lost status | Damaged status | Not for loan | Permanent Location | Current Location | Date acquired | Full call number | Barcode | Koha item type |
|---|---|---|---|---|---|---|---|---|---|
| Resource center, Muslim Women's Research And Action Forum | Resource center, Muslim Women's Research And Action Forum | 2023-08-17 | 301.1 HOS | RAF4234 | Books |

